000 00364nam a2200133Ia 4500
005 20260326235500.0
008 260326s9999||||xx |||||||||||||| ||und||
100 _aGuerrero, Luis
245 0 _aPatrimonio Construido con tierra /
_cLuis Guerrero
260 _bUniversidad Autónoma Metropolitana
300 _a166 p.
650 _aARQUITECTURA REGIONAL
942 _cBK
999 _c8044
_d8044